000
00291nam a2200109Ia 4500
008
200302s9999 xx 000 0 und d
100
_a
Mareike Krautheim and Others
245
_a
City and wind Climate as an Architectural instrument
260
_b
Dom Publishrs
260
_c
2014
300
_a
207
999
_c
6564
_d
6564